[Event "WCh-Women"]
[Site "Nalchik RUS"]
[Date "2008.08.31"]
[Round "1.4"]
[White "Rohonyan, K."]
[Black "Zhukova, N."]
[Result "1-0"]
[WhiteElo "2321"]
[BlackElo "2489"]
[PlyCount "111"]
[EventDate "2008.08.29"]

1. e4 e5 2. Nf3 Nc6 3. Bb5 Nf6 4. O-O Nxe4 5. Re1 Nd6 6. Nxe5 Be7 7. Bf1 Nxe5
8. Rxe5 O-O 9. d4 Bf6 10. Re1 Nf5 11. c3 d5 12. Bf4 Nd6 13. Qf3 Be6 14. Nd2 Qd7
15. h3 Rfe8 16. Be5 Be7 17. Bd3 f6 18. Bh2 c6 19. Re3 Bf8 20. Rae1 Bf7 21. Nf1
Nc4 22. Rxe8 Rxe8 23. Rxe8 Qxe8 24. b3 Nd6 25. Ne3 Bg6 26. Bxd6 Bxd6 27. Bxg6
hxg6 28. Kf1 Qe6 29. g4 g5 30. Nc2 Bf4 31. Qe2 Kf7 32. Ne1 Qxe2+ 33. Kxe2 Ke6
34. Nd3 Bd6 35. Ke3 b6 36. c4 c5 37. f3 Bh2 38. dxc5 Bg1+ 39. Ke2 bxc5 40. Nb2
Bd4 41. cxd5+ Kxd5 42. Nc4 g6 43. Kd3 Bg1 44. a4 Bf2 45. Nd2 Bd4 46. Ne4 Ke5
47. a5 Kd5 48. a6 Kc6 49. b4 f5 50. Nxg5 Kb5 51. Ne6 Bg1 52. bxc5 Kxa6 53. g5
Kb5 54. h4 Kc6 55. h5 Kd7 56. h6 1-0

[Event "WCh-Women"]
[Site "Nalchik RUS"]
[Date "2008.08.31"]
[Round "1.4"]
[White "Foisor, S."]
[Black "Socko, M."]
[Result "0-1"]
[WhiteElo "2337"]
[BlackElo "2473"]
[PlyCount "96"]
[EventDate "2008.08.29"]

1. d4 Nf6 2. c4 e6 3. Nc3 Bb4 4. Qc2 O-O 5. Nf3 d6 6. Bd2 Nbd7 7. e3 b6 8. a3
Bxc3 9. Bxc3 Bb7 10. Nd2 c5 11. Bd3 cxd4 12. exd4 Bxg2 13. Rg1 Bb7 14. O-O-O
Rc8 15. Rg3 Kh8 16. Rdg1 g6 17. Kb1 Qe7 18. Nf3 Nh5 19. d5+ e5 20. Rg4 f5 21.
Rh4 b5 22. cxb5 Ndf6 23. Bxf5 gxf5 24. Qxf5 Rxc3 25. bxc3 Bxd5 26. Ng5 Bg8 27.
a4 h6 28. Qg6 hxg5 29. Rxh5+ Nxh5 30. Qxh5+ Bh7+ 31. Kc1 Qc7 32. Rg3 Qc4 33.
Qxg5 Qf1+ 34. Kb2 Qxf2+ 35. Ka3 Qf7 36. Qh6 Qe7 37. Kb3 Rc8 38. Rh3 Qf7+ 39.
Ka3 d5 40. Qg5 Re8 41. Qh6 d4 42. cxd4 exd4 43. Qd2 Qe7+ 44. Kb2 Qe4 45. Ka3
Qe5 46. Qh6 Qe7+ 47. Kb2 Qb4+ 48. Kc1 Re1# 0-1

[Event "WCh-Women"]
[Site "Nalchik RUS"]
[Date "2008.08.31"]
[Round "1.4"]
[White "Ju Wenjun"]
[Black "Bojkovic, N."]
[Result "1-0"]
[WhiteElo "2389"]
[BlackElo "2423"]
[PlyCount "153"]
[EventDate "2008.08.29"]

1. Nf3 Nf6 2. g3 b5 3. Bg2 Bb7 4. O-O e6 5. d3 c5 6. e4 d6 7. Nbd2 Be7 8. Re1
Nc6 9. Nf1 Qc7 10. b3 O-O 11. Bb2 Nd7 12. Ne3 Bf6 13. d4 cxd4 14. Nxd4 Qb6 15.
c3 Be7 16. Nxc6 Bxc6 17. c4 Rfe8 18. cxb5 Bxb5 19. Qd2 a5 20. Bc3 a4 21. bxa4
Rxa4 22. Reb1 Rb8 23. Rb2 Qa7 24. Rab1 Bc6 25. Rxb8+ Nxb8 26. Qb2 Nd7 27. Bxg7
Rxa2 28. Qc3 Qc5 29. Bd4 Qxc3 30. Bxc3 Bf6 31. Bxf6 Nxf6 32. f3 Nd7 33. Rd1 Kf8
34. Rxd6 Bb5 35. Rd1 Ke7 36. f4 Ra3 37. Kf2 Ra2+ 38. Kg1 Ra3 39. Nc2 Ra2 40.
Nd4 Ba4 41. Rc1 Rd2 42. Nf3 Re2 43. Nd4 Rd2 44. Nf3 Re2 45. Re1 Rb2 46. Ra1 Bc6
47. Nd4 Bb7 48. Bf3 Rb4 49. Ra7 Ke8 50. e5 Nc5 51. Bxb7 Nxb7 52. Nf3 Kf8 53.
Kg2 Kg7 54. Kh3 h6 55. Kg4 Nc5 56. Ra2 Ne4 57. Kh3 Nc3 58. Rc2 Nd5 59. Nd2 Rd4
60. Kh4 Ne3 61. Ra2 Nf5+ 62. Kh3 Ne3 63. Nb3 Rc4 64. Na5 Rc3 65. Nb7 Nd5 66.
Kh4 Kg6 67. Nd6 Rc7 68. Ra8 f6 69. Rg8+ Kh7 70. Re8 fxe5 71. fxe5 Rc2 72. h3
Nc7 73. Re7+ Kg6 74. g4 Rc3 75. Nf7 Kg7 76. Nd8+ Kf8 77. Rxc7 1-0

[Event "WCh-Women"]
[Site "Nalchik RUS"]
[Date "2008.08.31"]
[Round "1.5"]
[White "Kadimova, I."]
[Black "Paehtz, E."]
[Result "0-1"]
[WhiteElo "2324"]
[BlackElo "2481"]
[PlyCount "76"]
[EventDate "2008.08.29"]

1. d4 d5 2. c4 c6 3. e3 Nf6 4. Nc3 g6 5. Nf3 Bg7 6. Bd3 O-O 7. O-O Bg4 8. h3
Bxf3 9. Qxf3 dxc4 10. Bxc4 Nbd7 11. Qe2 Qc7 12. e4 e5 13. d5 Nb6 14. Bb3 cxd5
15. Nxd5 Nfxd5 16. exd5 Rad8 17. Bg5 Rd7 18. Rac1 Qb8 19. Rfd1 Kh8 20. a4 f6
21. Be3 Nc8 22. Qb5 Rfd8 23. a5 f5 24. Bg5 Nd6 25. Qa4 e4 26. Bxd8 Qxd8 27. Rc2
h5 28. Qb4 Kh7 29. Qc5 Be5 30. Ba4 Rf7 31. Rf1 f4 32. f3 Qf6 33. Kh2 Nf5 34.
Re1 Bd4 35. Qb5 exf3 36. gxf3 Qh4 37. Qe2 Qg3+ 38. Kh1 Qxh3+ 0-1

[Event "WCh-Women"]
[Site "Nalchik RUS"]
[Date "2008.08.31"]
[Round "1.5"]
[White "Foisor, S."]
[Black "Socko, M."]
[Result "1-0"]
[WhiteElo "2337"]
[BlackElo "2473"]
[PlyCount "137"]
[EventDate "2008.08.29"]

1. d4 Nf6 2. c4 e6 3. Nc3 Bb4 4. Qc2 O-O 5. Nf3 c5 6. dxc5 Na6 7. g3 Nxc5 8.
Bg2 Nfe4 9. O-O Bxc3 10. bxc3 d6 11. Nd4 f5 12. f3 Nf6 13. Rd1 Qe7 14. Ba3 Bd7
15. Nb3 Ba4 16. Rab1 Rac8 17. Qd2 Rfd8 18. Qe3 b6 19. Rd2 h6 20. Nd4 Re8 21.
Rb4 Nfd7 22. Nb5 Bxb5 23. cxb5 Nf6 24. c4 e5 25. Rb1 Qe6 26. Bh3 Nb7 27. Rbd1
Red8 28. Qd3 g6 29. Rc1 Qe7 30. e4 Nc5 31. Qe3 Qh7 32. exf5 gxf5 33. Rcd1 Ne8
34. Rd5 Rd7 35. Bxc5 Rxc5 36. Qd3 Rf7 37. Rxc5 bxc5 38. Qd5 Kf8 39. a4 Qg6 40.
a5 f4 41. g4 Qc2 42. Bf1 e4 43. fxe4 f3 44. Qd3 Qb2 45. Qe3 Qg7 46. h3 h5 47.
g5 h4 48. Rd5 Qg6 49. Kf2 Ng7 50. Bd3 Qe6 51. Bf1 Re7 52. Qf4+ Kg8 53. Rxd6
Qxe4 54. Qxe4 Rxe4 55. Kxf3 Re1 56. Bd3 Ne6 57. g6 Kf8 58. Rd7 Rd1 59. Ke3 Rg1
60. Bf5 Nd4 61. Bg4 Rc1 62. Rf7+ Kg8 63. Rxa7 Rc3+ 64. Ke4 Rxc4 65. Kd5 Rb4 66.
b6 Nb5 67. Kxc5 Rb1 68. Be6+ Kh8 69. g7+ 1-0

[Event "WCh-Women"]
[Site "Nalchik RUS"]
[Date "2008.08.31"]
[Round "1.6"]
[White "Socko, M."]
[Black "Foisor, S."]
[Result "1-0"]
[WhiteElo "2473"]
[BlackElo "2337"]
[PlyCount "101"]
[EventDate "2008.08.29"]

1. g3 g6 2. Bg2 Bg7 3. e4 c5 4. Ne2 Nc6 5. c3 b6 6. d4 Bb7 7. d5 Nb8 8. c4 d6
9. Nbc3 e6 10. dxe6 fxe6 11. Nf4 Bxc3+ 12. bxc3 e5 13. Nd5 Nd7 14. O-O Ngf6 15.
Ne3 Qe7 16. Qd3 O-O-O 17. a4 a5 18. Nc2 Bc6 19. Rd1 Kc7 20. Ne3 h5 21. h4 Rhf8
22. Ra2 Ne8 23. Nd5+ Bxd5 24. cxd5 Rb8 25. Qb5 Ndf6 26. Bg5 Qd7 27. Qa6 Qc8 28.
Qd3 Ra8 29. Rb1 Qa6 30. Qc2 Ng4 31. f3 Ngf6 32. Bf1 Qc8 33. Rab2 Rb8 34. Kh2
Nh7 35. Qd3 Nxg5 36. hxg5 Qd8 37. Qa6 Rxf3 38. Rxb6 Rxb6 39. Rxb6 Kd7 40. Rb7+
Nc7 41. Qc6+ Ke7 42. Rxc7+ Kf8 43. Rc8 Qxc8 44. Qxc8+ Kg7 45. Qd7+ Rf7 46. Qxd6
Rxf1 47. Qxe5+ Kh7 48. d6 h4 49. gxh4 c4 50. d7 Rf7 51. Qe6 1-0

[Event "WCh-Women"]
[Site "Nalchik RUS"]
[Date "2008.08.31"]
[Round "1.7"]
[White "Paehtz, E."]
[Black "Kadimova, I."]
[Result "1-0"]
[WhiteElo "2481"]
[BlackElo "2324"]
[PlyCount "87"]
[EventDate "2008.08.29"]

1. b3 d5 2. Bb2 Nf6 3. e3 Bf5 4. f4 e6 5. Nf3 Be7 6. g3 c6 7. Bg2 Nbd7 8. O-O
O-O 9. d3 a5 10. a4 Qc7 11. Qe2 h6 12. Nbd2 Bh7 13. e4 dxe4 14. dxe4 Nc5 15. e5
Nd5 16. Nc4 Nb4 17. Ne3 Be4 18. h3 Rfd8 19. Kh2 Qb6 20. Nc4 Qc7 21. Ne1 Bxg2
22. Nxg2 Rd7 23. f5 b5 24. Nce3 Rad8 25. axb5 Rd2 26. Qg4 Bg5 27. b6 Qb7 28.
Nc4 Rxc2 29. h4 Be7 30. f6 Bf8 31. fxg7 Bxg7 32. Rac1 Rxc1 33. Bxc1 Kh7 34. Nd6
Rxd6 35. exd6 Nbd3 36. Be3 Ne5 37. Qh5 Ne4 38. Bd4 f5 39. Rxf5 exf5 40. Qxf5+
Ng6 41. Qxe4 Bxd4 42. Qxd4 Qd7 43. b7 Qxb7 44. d7 1-0

[Event "WCh-Women"]
[Site "Nalchik RUS"]
[Date "2008.08.31"]
[Round "1.7"]
[White "Socko, M."]
[Black "Foisor, S."]
[Result "1-0"]
[WhiteElo "2473"]
[BlackElo "2337"]
[PlyCount "119"]
[EventDate "2008.08.29"]

1. g3 g6 2. Bg2 Bg7 3. d3 c5 4. e4 e5 5. Ne2 Nc6 6. O-O d6 7. c3 Nge7 8. Be3
O-O 9. Nd2 f5 10. f4 Be6 11. Nf3 Rc8 12. b3 Kh8 13. Qd2 b6 14. Rad1 Qc7 15. Kh1
Rcd8 16. Ng5 Bg8 17. d4 cxd4 18. cxd4 h6 19. Nh3 fxe4 20. Bxe4 Qd7 21. Nf2 d5
22. Bg2 e4 23. g4 Qd6 24. Ng3 Qb4 25. Qb2 Rc8 26. Rd2 Na5 27. Ne2 Nb7 28. Kg1
a5 29. Nh1 Be6 30. h3 Bd7 31. Nhg3 b5 32. a3 Qd6 33. Rdd1 b4 34. a4 Rc6 35. Qd2
Rfc8 36. Rc1 Rxc1 37. Rxc1 Rxc1+ 38. Qxc1 Qc6 39. Qd2 Nd8 40. Kh2 Kh7 41. Nh1
Qc7 42. Kg1 Nc8 43. Neg3 Qd6 44. Bf1 Qc7 45. Nf2 Ne7 46. Be2 Qc6 47. Qe1 Qc3
48. Qxc3 bxc3 49. Bd1 Ng8 50. Bc1 Nc6 51. Kf1 Bxd4 52. Ne2 Bc5 53. Bc2 Bb4 54.
Nd1 Nge7 55. Ndxc3 Kg7 56. Bb2 Bxc3 57. Nxc3 Kf6 58. Nb5+ Ke6 59. Bb1 Nb4 60.
Nd4+ {Game incomplete, there were pieces flying around, both players finished
with King and Knight when black's flag fell. The game was initally declared
drawn by the arbiters and but on appeal Sock went through from this Armageddon
game.} 1-0